<?xml version="1.0" encoding="UTF-8"?><?xml-stylesheet type="text/xsl" href="static/style.xsl"?><OAI-PMH xmlns="http://www.openarchives.org/OAI/2.0/" xmlns:xsi="http://www.w3.org/2001/XMLSchema-instance" xsi:schemaLocation="http://www.openarchives.org/OAI/2.0/ http://www.openarchives.org/OAI/2.0/OAI-PMH.xsd"><responseDate>2026-06-03T10:51:18Z</responseDate><request verb="GetRecord" identifier="oai:riuma.uma.es:10630/30346" metadataPrefix="marc">https://riuma.uma.es/rest/oai/request</request><GetRecord><record><header><identifier>oai:riuma.uma.es:10630/30346</identifier><datestamp>2026-02-03T11:27:08Z</datestamp><setSpec>com_10630_2254</setSpec><setSpec>col_10630_37953</setSpec></header><metadata><record xmlns="http://www.loc.gov/MARC21/slim" xmlns:dcterms="http://purl.org/dc/terms/" xmlns:doc="http://www.lyncode.com/xoai" xmlns:xsi="http://www.w3.org/2001/XMLSchema-instance" xsi:schemaLocation="http://www.loc.gov/MARC21/slim http://www.loc.gov/standards/marcxml/schema/MARC21slim.xsd">
   <leader>00925njm 22002777a 4500</leader>
   <datafield ind2=" " ind1=" " tag="042">
      <subfield code="a">dc</subfield>
   </datafield>
   <datafield ind2=" " ind1=" " tag="720">
      <subfield code="a">Enríquez, Héctor</subfield>
      <subfield code="e">author</subfield>
   </datafield>
   <datafield ind2=" " ind1=" " tag="720">
      <subfield code="a">Ramos-Díaz, Natalia Sylvia</subfield>
      <subfield code="e">author</subfield>
   </datafield>
   <datafield ind2=" " ind1=" " tag="720">
      <subfield code="a">Esparza, Oscar</subfield>
      <subfield code="e">author</subfield>
   </datafield>
   <datafield ind2=" " ind1=" " tag="260">
      <subfield code="c">2017</subfield>
   </datafield>
   <datafield ind2=" " ind1=" " tag="520">
      <subfield code="a">Enríquez, H., Ramos, N. y Esparza, O., en  el presente estudio prueban la efectividad del Programa de Inteligencia Emocional Plena (PINEP) que surgió de la fusión de dos conceptos; Inteligencia emocional y mindfulness. El programa se impartió como capacitación a 136 estudiantes universitarios durante un período de dos meses. El propósito del estudio fue determinar el impacto de (PINEP) y conocer cómo los estudiantes regulan sus emociones. Se evaluó el comportamiento emocional del estudiante antes y después de la realización del programa PINEP mediante autoinforme, medidas seleccionadas para su confiabilidad. Estos fueron: agotamiento, compromiso, neuroticismo, extroversión, regulación emocional y empatía. Los resultados mostraron diferencias significativas moderadas (d de Cohen) en la dimensión de extroversión, agotamiento, compromiso, reenfoque en la planificación, reevaluación positiva, poner en perspectiva y empatía. El resultado apuntó hacia cambios favorables en relación con el programa PINEP, ya que los estudiantes mostraron cambios significativos en la forma en que regulaban sus emociones después del entrenamiento.</subfield>
   </datafield>
   <datafield ind1="8" ind2=" " tag="024">
      <subfield code="a">Enríquez, H., Ramos, N. y Esparza, O. (2017). Impact of the Mindful Emotional Intelligence Program on Emotional Regulation in College Students. International Journal of Psychology and Psychological Therapy, 17(1), 39-48.</subfield>
   </datafield>
   <datafield ind1="8" ind2=" " tag="024">
      <subfield code="a">https://hdl.handle.net/10630/30346</subfield>
   </datafield>
   <datafield tag="653" ind2=" " ind1=" ">
      <subfield code="a">Emociones</subfield>
   </datafield>
   <datafield tag="653" ind2=" " ind1=" ">
      <subfield code="a">Inteligencia</subfield>
   </datafield>
   <datafield tag="653" ind2=" " ind1=" ">
      <subfield code="a">Mente</subfield>
   </datafield>
   <datafield ind2="0" ind1="0" tag="245">
      <subfield code="a">Impact of the Mindful Emotional Intelligence Program on Emotional Regulation in College Students</subfield>
   </datafield>
</record>
</metadata></record></GetRecord></OAI-PMH>